BERHIJRAH KE MESIR

Bibliographic Details
Main Author: Awatif Aizal (Author)
Other Authors: Afif Naim (Illustrator), Aqil Najwan (Illustrator), Hayati Daud (Editor)
Format: Book
Language:Malay
Published: Skudai, Johor : SINARAN ILMU LEARNING & CONSULTANCY PLT [2022?]
Subjects:

MARC

LEADER 00000cam a2200000 7i4500
001 0000150413
005 20231208.0
008 231208s2022 my a x f may
020 |a 9789672785699 
040 |a PERPUSTAM   |b eng   |c PERPUSTAM   |e rda 
041 |a may 
090 0 0 |a J 899.2333   |b AWA 
100 0 |a Awatif Aizal ,   |e author 
245 1 0 |a BERHIJRAH KE MESIR   |c AWATIF AIZAL ; EDITOR: HAYATI DAUD ; ILUSTRATOR: AFIF NAIM & AQIL NAJWAN 
264 1 |a Skudai, Johor :   |b SINARAN ILMU LEARNING & CONSULTANCY PLT   |c [2022?] 
300 |a 19 pages :   |b colour illustrations ;   |c 20 cm. 
336 |a text  |2 rdacontent 
337 |a unmediated  |2 rdamedia 
338 |a volume  |2 rdacarrier 
650 1 0 |a Children's stories, Malay 
650 2 0 |a Malay fiction 
650 2 0 |a Malaysian fiction (Malay) 
700 0 |a Afif Naim ,   |e illustrator 
700 0 |a Aqil Najwan ,   |e illustrator 
700 0 |a Hayati Daud ,   |e editor 
999 |a 0000795924   |b Buku   |c Koleksi Pinjaman Kanak-Kanak   |e Perbadanan Perpustakaan Awam Melaka 
999 |a 0000795925   |b Buku   |c Koleksi Pinjaman Kanak-Kanak   |e Perbadanan Perpustakaan Awam Melaka 
999 |a 0000795926   |b Buku   |c Koleksi Pinjaman Kanak-Kanak   |e Perbadanan Perpustakaan Awam Melaka 
999 |a 0000795927   |b Buku   |c Koleksi Pinjaman Kanak-Kanak   |e Perpustakaan Cawangan Masjid Tanah 
999 |a 0000795928   |b Buku   |c Koleksi Pinjaman Kanak-Kanak   |e Perpustakaan Cawangan Merlimau 
999 |a 0000795929   |b Buku   |c Koleksi Pinjaman Kanak-Kanak   |e Perpustakaan Komuniti UTC Melaka 
999 |a 0000795930   |b Buku   |c Koleksi Pinjaman Kanak-Kanak   |e Perbadanan Perpustakaan Awam Melaka 
999 |a 0000795931   |b Buku   |c Koleksi Pinjaman Kanak-Kanak   |e Perbadanan Perpustakaan Awam Melaka 
999 |a 0000795932   |b Buku   |c Koleksi Pinjaman Kanak-Kanak   |e Perbadanan Perpustakaan Awam Melaka 
999 |a 0000795933   |b Buku   |c Koleksi Pinjaman Kanak-Kanak   |e Perbadanan Perpustakaan Awam Melaka 
999 |a 0000795934   |b Buku   |c Koleksi Pinjaman Kanak-Kanak   |e Perbadanan Perpustakaan Awam Melaka 
999 |a 0000795935   |b Buku   |c Koleksi Pinjaman Kanak-Kanak   |e Perbadanan Perpustakaan Awam Melaka 
999 |a 0000795936   |b Buku   |c Koleksi Pinjaman Kanak-Kanak   |e Perbadanan Perpustakaan Awam Melaka 
999 |a 0000795937   |b Buku   |c Koleksi Pinjaman Kanak-Kanak   |e Perbadanan Perpustakaan Awam Melaka 
999 |a 0000795938   |b Buku   |c Koleksi Pinjaman Kanak-Kanak   |e Perbadanan Perpustakaan Awam Melaka